Concelhos do Porto - Statistics

Estatísticas Gerais
  • Esse quiz foi jogado 36 vezes
  • A pontuação média é 14 de 18
Estatísticas das Respostas
Resposta % Correto
Vila Nova de Gaia
92%
Porto
88%
Vila do Conde
88%
Gondomar
84%
Maia
84%
Matosinhos
84%
Póvoa de Varzim
84%
Santo Tirso
80%
Trofa
80%
Valongo
76%
Amarante
72%
Paredes
72%
Penafiel
72%
Baião
68%
Felgueiras
68%
Paços de Ferreira
68%
Lousada
60%
Marco de Canaveses
60%
Nenhum quiz correspondente encontrado
Distribuição das Pontuações
Porcentagem de Pessoas com Cada Pontuação
Percentil de Números Respondidos
Sua Pontuação Histórica
Você não jogou esse quiz